00000000nam 2200000zi 4500
0019.936543
003CaOODSP
00520250523141749
006m     o  d f      
007cr |n|||||||||
008240321e198912##sncdab  ob   f|0| 0 eng d
040 |aCaOODSP|beng|erda|cCaOODSP
043 |an-cn-sn|an-cn-ab
0861 |aEn4-700/1989E-PDF
1001 |aSmith, C. D., |eauthor.
24510|aErosion and sedimentation in the South Saskatchewan River Basin / |cprepared by: C.D. Smith and J.M. Wigham, Consulting Hydraulic Engineers.
264 1|a[Moose Jaw, Saskatchewan] : |b[Environment Canada], |cDecember 1989.
300 |a1 online resource (x, 102, 10 pages) : |bcharts, illustrations, maps
336 |atext|btxt|2rdacontent
337 |acomputer|bc|2rdamedia
338 |aonline resource|bcr|2rdacarrier
500 |aDigitized edition from print [produced by Environment and Climate Change Canada].
500 |a"Technical Report C.9."
500 |a"Prepared for: Canada-Saskatchewan South Saskatchewan River Basin Study."
504 |aIncludes bibliographical references (pages 101- 102).
650 0|aErosion|zSouth Saskatchewan River Watershed (Alta. and Sask.)
650 0|aSedimentation and deposition|zSouth Saskatchewan River Watershed (Alta. and Sask.)
650 0|aWater resources development|zSouth Saskatchewan River Watershed (Alta. and Sask.)
650 6|aÉrosion|zSaskatchewan du Sud, Bassin de la (Alb. et Sask.)
650 6|aSédimentation (Géologie)|zSaskatchewan du Sud, Bassin de la (Alb. et Sask.)
650 6|aRessources en eau|xExploitation|zSaskatchewan du Sud, Bassin de la (Alb. et Sask.)
7101 |aCanada. |bEnvironment Canada, |eissuing body.
85640|qPDF|s3.36 MB|uhttps://publications.gc.ca/collections/collection_2025/eccc/en4/En4-700-1989-eng.pdf